Zvýšenie efektivity pri procese nastavovania laserovej zváračky

Guardado en:
Detalles Bibliográficos
Autor principal: Zamborský, Tomáš (Autor)
Otros Autores: Václav, Ľuboš (Orientador)
Formato: Manuscrito Libro
Lenguaje:eslovaco
Publicado: 2016
Materias:
Acceso en línea:http://is.stuba.sk/zp/portal_zp.pl?podrobnosti=129876
Etiquetas: Agregar Etiqueta
Sin Etiquetas, Sea el primero en etiquetar este registro!

MARC

LEADER 00000ntm a22000003a 4500
001 stuzp57843
003 SK-STU
005 20160719155359.8
007 ta
008 150427s2015----xo-----f-mn---000-0-slo-d
040 |a STU  |b slo 
041 0 |a slo 
100 1 |a Zamborský, Tomáš  |u 064000  |4 aut  |U MTF Materiálovotechnologická fakulta  |T MTF Ústav priemyselného inžinierstva a manažmentu  |X 71582  |U M4000  |Y 84  |7 71582 
242 0 1 |a Increase the efficiency of the process of adjustment of laser welding machine  |y eng 
245 1 0 |a Zvýšenie efektivity pri procese nastavovania laserovej zváračky 
260 |c 2016 
650 4 |a optimalizácia  |2 slo 
650 4 |a výrobný proces  |2 slo 
650 4 |a kvalita  |2 slo 
650 4 |a optimalization  |2 eng 
650 4 |a production proces  |2 eng 
650 4 |a quality  |2 eng 
700 1 |a Václav, Ľuboš  |4 ths  |X 69710  |7 A000069710 
856 4 |u http://is.stuba.sk/zp/portal_zp.pl?podrobnosti=129876 
996 |c M* BP-7755  |l MMSKP  |s P  |a 0  |w stuzp57843_0001 
SQL |a stuzp57843  |b DBP  |c SLO  |d Zvýšenie efektivity pri procese nastavovania laserovej zváračky  |e 71582  |f Zamborský, Tomáš  |g 064000  |h 69710  |i Václav, Ľuboš  |j 20160627  |k 171  |l 06  |m http://is.stuba.sk/zp/portal_zp.pl?podrobnosti=129876  |n B-KPR  |o 5.2.57. kvalita produkcie